[Event "AZE-ch Women 2020"]
[Site "Baku"]
[Date "2020.03.12"]
[Round "8.5"]
[White "Mammadova, Gulnar"]
[Black "Beydullayeva, Govhar"]
[Result "0-1"]
[WhiteElo "2386"]
[BlackElo "2237"]
[Annotator "RC"]
[PlyCount "124"]
[EventDate "2020.03.04"]
[EventType "tourn"]
[EventCountry "AZE"]
[SourceTitle "playchess.com"]
[Source "ChessBase"]
[SourceQuality "1"]
[TimeControl "40/5400+30:1800+30"]

1. e4 {[%emt 0:00:05]} e5 {[%emt 0:00:00]} 2. Nf3 {[%emt 0:00:12]} Nc6 {[%emt 0:00:19]} 3. d4 {[%emt 0:01:08]} exd4 4. Nxd4 {[%emt 0:00:07]} Nf6 {[%emt 0:01:20]} 5. Nc3 {[%emt 0:03:58]} Bb4 {[%emt 0:01:35]} 6. Nxc6 bxc6 {[%emt 0:00:11]} 7. Bd3 {[%emt 0:00:36]} O-O {[%emt 0:00:54]} 8. O-O {[%emt 0:00:24]} d5 {[%emt 0:00:24]} 9. exd5 cxd5 {[%emt 0:00:16]} 10. Qf3 {[%emt 0:01:32]} c6 {[%emt 0:03:54]} 11. Bg5 {[%emt 0:01:15]} Be7 {[%emt 0:01:37]} 12. Rae1 {[%emt 0:00:52]} Re8 {[%emt 0:00:31]} 13. h3 {[%emt 0:01:46]} h6 {[%emt 0:06:16]} 14. Bf4 {[%emt 0:03:19]} Be6 {[%emt 0:02:22]} 15. Ne2 {[%emt 0:11:42]} Qb6 {[%emt 0:15:20]} 16. Be5 {[%emt 0:03:00]} Nd7 {[%emt 0:05:52]} 17. Bc3 {[%emt 0:03:03]} Bf6 {[%emt 0:05:41]} 18. Bxf6 {[%emt 0:04:27]} Nxf6 {[%emt 0:00:01]} 19. b3 {[%emt 0:00:41]} Bd7 {[%emt 0:11:47]} 20. Ng3 {[%emt 0:09:04]} Qa5 {[%emt 0:02:59]} 21. Rxe8+ {[%emt 0:00:37]} Rxe8 {[%emt 0:00:01]} 22. a4 {[%emt 0:00:58]} Qb4 {[%emt 0:06:53]} 23. Nf5 {[%emt 0:07:03]} Bxf5 {[%emt 0:00:53]} 24. Qxf5 {[%emt 0:02:27]} c5 {[%emt 0:02:13]} 25. Bb5 {[%emt 0:03:32]} Re6 {[%emt 0:00:56]} 26. Rd1 {[%emt 0:03:19]} g6 {[%emt 0:02:39]} 27. Qf3 {[%emt 0:00:56]} Kg7 {[%emt 0:06:15]} 28. Bf1 {[%emt 0:05:21]} h5 {[%emt 0:09:04]} 29. Qd3 {[%emt 0:06:44]} Ne4 {[%emt 0:05:59]} 30. Qb5 {[%emt 0:04:00]} Qc3 {[%emt 0:01:21]} 31. Qd3 {[%emt 0:03:38]} Qf6 {[%emt 0:00:05]} 32. Qf3 {[%emt 0:01:40]} Qxf3 {[%emt 0:05:44]} 33. gxf3 {[%emt 0:00:05]} Nc3 {[%emt 0:00:01]} 34. Ra1 {[%emt 0:05:49]} a5 {[%emt 0:00:10]} 35. Bd3 {[%emt 0:01:17]} Kf6 {[%emt 0:01:49]} 36. h4 {[%emt 0:01:01]} Ne2+ {[%emt 0:01:10]} 37. Kf1 {[%emt 0:00:56]} Nd4 {[%emt 0:00:15]} 38. Kg2 {[%emt 0:00:10]} Ne2 {[%emt 0:01:14]} 39. Kf1 {[%emt 0:00:23]} Nd4 {[%emt 0:00:29]} 40. Kg2 {[%emt 0:00:00]} Nf5 {[%emt 0:00:00]} 41. Rh1 {[%emt 0:02:52]} Ke5 {[%emt 0:02:38]} 42. c3 {[%emt 0:01:53]} Rb6 {[%emt 0:06:29]} 43. Bb5 {[%emt 0:07:43]} Rb8 {[%emt 0:05:36]} 44. c4 {[%emt 0:05:36]} d4 {[%emt 0:07:50]} 45. Re1+ {[%emt 0:00:32]} Kf6 {[%emt 0:03:06]} 46. Rh1 {[%emt 0:01:59]} Rb7 {[%emt 0:01:57]} 47. f4 {[%emt 0:01:56]} Re7 {[%emt 0:00:13]} 48. Kf3 {[%emt 0:00:24]} d3 {[%emt 0:01:19]} 49. Rd1 {[%emt 0:00:37]} Nxh4+ {[%emt 0:00:36]} 50. Kg3 {[%emt 0:00:01]} Nf5+ {[%emt 0:00:05]} 51. Kg2 {[%emt 0:00:14]} Nd4 {[%emt 0:01:06]} 52. Rxd3 {[%emt 0:00:06]} Kf5 {[%emt 0:02:14]} 53. Kg3 {[%emt 0:01:13]} Ne2+ {[%emt 0:00:21]} 54. Kf3 {[%emt 0:00:13]} Nd4+ {[%emt 0:00:03]} 55. Kg3 {[%emt 0:00:04]} Re1 {[%emt 0:00:30]} 56. f3 {[%emt 0:01:04]} h4+ {[%emt 0:01:17]} 57. Kf2 {[%emt 0:00:26]} Re2+ {[%emt 0:00:18]} 58. Kf1 {[%emt 0:00:05]} Re7 {[%emt 0:00:16]} 59. b4 {[%emt 0:02:08]} axb4 {[%emt 0:00:04]} 60. a5 {[%emt 0:00:03]} b3 {[%emt 0:00:57]} 61. Rd2 {[%emt 0:00:13]} Kxf4 {[%emt 0:01:04]} 62. a6 {[%emt 0:00:05]} h3 {[%emt 0:01:05]} 0-1

[Event "AZE-ch Women 2020"]
[Site "Baku"]
[Date "2020.03.13"]
[Round "9.1"]
[White "Beydullayeva, Govhar"]
[Black "Balajayeva, Khanim"]
[Result "1/2-1/2"]
[WhiteElo "2237"]
[BlackElo "2358"]
[Annotator "TA"]
[PlyCount "46"]
[EventDate "2020.03.04"]
[EventType "tourn"]
[EventCountry "AZE"]
[SourceTitle "playchess.com"]
[Source "ChessBase"]
[SourceQuality "1"]

{[%evp 12,46,16,16,22,17,21,0,0,0,2,-10,-11,-27,-18,-29,-4,-3,-9,-8,-22,-6,-3,0,-5,-6,-4,-6,-6,-124,0,-94,0,-120,0,-95,0]} 1. Nf3 Nf6 2. g3 b6 3. Bg2 Bb7 4. O-O e6 5. c4 Be7 6. d4 O-O 7. Re1 Ne4 {E17: Queen's Indian: 4 g3 Bb7 5 Bg2 Be7.} 8. Nfd2 d5 $1 {8...d5 is better than 8...f5. 8...f5 is vanishing.} 9. Nxe4 dxe4 {The position is equal.} 10. Nc3 f5 11. Be3 Bf6 12. Qd2 Nc6 {[%cal Rc6d4]} 13. Rad1 Qe7 14. f3 Rad8 {[#] ...Nxd4 is the strong threat.} 15. fxe4 Bxd4 {[#] White should prevent ...Bc5.} 16. Qc1 $146 ({Predecessor:} 16. Bxd4 Nxd4 17. Qc1 fxe4 18. Nxe4 Qf7 19. Qb1 Qh5 20. Nc3 Bxg2 21. Kxg2 Qe5 22. Qd3 {0-1 (34) Votava,J (2529)-Abasov,N (2629) Austria 2019}) 16... Qc5 $36 {[%mdl 2048] Black has some pressure.} 17. Bxd4 Rxd4 18. Rxd4 Qxd4+ 19. e3 Qxc4 {Black wants to play ...Ne5.} 20. Ne2 (20. exf5 $11 Rxf5 21. Ne2 Qxc1 22. Rxc1) 20... Qb5 ({Don't play} 20... Qxa2 21. exf5 Na5 22. Bxb7 $15) ({Better is} 20... Ne5 $17 21. Qxc4 Nxc4) 21. Nc3 (21. exf5 $11 {keeps the balance.} exf5 22. Nf4) 21... Qc4 22. Ne2 Qb5 ({Don't take} 22... Qxa2 23. exf5 Na5 24. Bxb7 $15) 23. Nc3 Qc4 {Accuracy: White = 82%, Black = 67%.} ({Black should play} 23... Qe5 $17 24. exf5 exf5) 1/2-1/2

[Event "AZE-ch Women 2020"]
[Site "Baku"]
[Date "2020.03.13"]
[Round "9.2"]
[White "Ismayil, Malak"]
[Black "Mammadova, Gulnar"]
[Result "0-1"]
[WhiteElo "1974"]
[BlackElo "2386"]
[Annotator "TA"]
[PlyCount "130"]
[EventDate "2020.03.04"]
[EventType "tourn"]
[EventCountry "AZE"]
[SourceTitle "playchess.com"]
[Source "ChessBase"]
[SourceQuality "1"]

{[%evp 13,130,11,25,8,37,27,28,24,43,31,38,43,51,30,58,58,83,80,88,4,15,9,30,0,0,0,52,47,62,41,50,0,43,45,61,43,90,49,54,31,87,82,104,61,85,24,31,18,0,-18,-7,-16,-5,-68,-70,-77,-69,-76,-76,-68,-75,-177,-165,-587,-573,-624,-618,-587,-374,-342,-374,-350,-352,-342,-252,-272,-264,-367,-331,-252,-252,-450,-450,-450,-450,-675,-555,-703,-643,-631,-603,-648,-432,-906,-903,-706,-648,-1209,-1138,-1036,-1115,-1086,-1026,-1034,-1024,-907,-891,-891,-889,-843,-819,-1430,-1350,-1299,-1317,-1829,-1908,-1407,-1192]} 1. e4 c6 2. d4 d5 3. exd5 cxd5 4. Bd3 Nc6 5. c3 Qc7 6. h3 Nf6 7. Nf3 g6 8. Nbd2 {[%cal Bb1d2,Bd2b3,Bb3c5][%mdl 32] 8.Qc2 is the modern continuation. B13: Caro-Kann: Exchange Variation and Panov-Botvinnik Attack.} Bg7 9. O-O O-O 10. Re1 {White has an edge.} Nh5 {[#]} 11. Bb5 $146 ({Predecessor:} 11. Nb3 e5 12. dxe5 Nxe5 13. Nxe5 Bxe5 14. Bh6 Bg7 15. Bxg7 Nxg7 16. Be2 Rd8 17. Nd4 Nf5 18. Nxf5 Bxf5 {1-0 (64) Zvjaginsev,V (2673)-Golubov,S (2481) Moscow 2016}) 11... a6 12. Bxc6 bxc6 13. Nb3 Ra7 14. Nc5 Nf4 15. Bxf4 Qxf4 16. Re3 ({Better is} 16. Ne5 $16 Qf6 17. Qb3) 16... Qd6 $11 17. Qb3 f6 18. Rae1 e5 19. Qb6 $36 {[%mdl 2048] White has some pressure.} Re7 (19... Ra8 $11) 20. c4 $14 dxc4 21. dxe5 fxe5 22. Ng5 (22. Ne4 $5 {[%cal Re4d6]} Qd5 23. Nc3 $11) 22... Qd5 23. Nge4 {[%mdl 1024] White has compensation.} Ref7 24. Qb4 Bh6 25. R3e2 Bf5 26. Rc2 c3 (26... a5 $14 27. Qxc4 Rb8) 27. Qxc3 Rd8 28. Qc4 a5 29. Qc3 ({White should try} 29. b3 $16) 29... Qxa2 $11 30. b3 Qa3 31. Ra1 Qb4 32. Qxb4 axb4 33. f3 (33. Rc4 $11) 33... Be3+ $15 34. Kh2 $1 {White is now going downhill.} Bxe4 35. Nxe4 Rd3 36. Rxc6 Rxb3 37. Nd6 {[#]} (37. h4 $17) 37... Rf8 $1 $19 38. Rc7 $2 {[#]} (38. Re1) 38... e4 $1 {[%mdl 512] And now ...Bf4+ would win.} 39. Kh1 (39. Nxe4 Bf4+) 39... Bf4 40. Rc6 Bxd6 41. Rxd6 exf3 42. gxf3 Rbxf3 {[%mdl 4096] Endgame KRR-KRR} 43. Kg2 {and the idea Rb1 leaves White hopeful.} R3f6 44. Rd7 R6f7 45. Rd4 Rb8 46. Rb1 b3 {[%cal Bb4b3,Bb3b2][%mdl 32]} 47. Rd3 $2 (47. Rb2) 47... b2 {Black is clearly winning.} 48. Rd2 Rfb7 49. Rf2 (49. Kf1 $142) 49... Kg7 50. Kh2 Kh6 51. Kg2 Kh5 52. Kh2 g5 53. Rg2 (53. Kg2 $142) 53... Rb3 54. Rd2 R8b4 55. Rd7 h6 56. Rd6 Rh4 57. Kg2 Rbxh3 58. Rb6 Rh2+ 59. Kf3 R4h3+ 60. Ke4 Re2+ 61. Kd4 Rhh2 62. Kc3 Rc2+ 63. Kd3 g4 64. Rb5+ Kh4 65. Rb4 h5 {Accuracy: White = 51%, Black = 73%.} 0-1

[Event "AZE-ch Women 2020"]
[Site "Baku"]
[Date "2020.03.13"]
[Round "9.3"]
[White "Mamedjarova, Turkan"]
[Black "Fataliyeva, Ulviyya"]
[Result "1-0"]
[WhiteElo "2310"]
[BlackElo "2377"]
[Annotator "TA"]
[PlyCount "87"]
[EventDate "2020.03.04"]
[EventType "tourn"]
[EventCountry "AZE"]
[SourceTitle "playchess.com"]
[Source "ChessBase"]
[SourceQuality "1"]

{[%evp 9,87,15,15,12,18,-15,0,-64,-20,-87,-68,-66,-55,-57,-55,-47,-58,-62,-56,-45,-34,-53,-32,-62,-66,-59,-65,-56,-28,-60,-45,-75,-70,-140,18,20,22,28,137,135,622,-100,-105,-114,129,124,301,280,247,0,0,0,0,-28,-32,-33,-30,-48,-40,-50,-17,-72,382,368,729,718,2560,2479,1775,0,972,957,954,849,12837,12835,29986,29987,29988,29989]} 1. c4 e5 2. Nc3 Bb4 3. g3 Bxc3 4. bxc3 d6 5. Bg2 Ne7 6. d4 {A21: English Opening: 1...e5 2 Nc3.} O-O 7. e3 Nbc6 8. Ne2 (8. Nf3 $11) 8... Na5 9. Qd3 {[#]} (9. c5 $11 {remains equal.}) 9... Be6 $146 ({Predecessor:} 9... Rb8 10. O-O b6 11. Ba3 Ba6 12. dxe5 Bxc4 13. Qc2 dxe5 14. Rfd1 Qe8 15. f4 c5 16. fxe5 {1-0 (40) Suslova,A (2091)-Suarez Calvo,A (1970) Sibenik 2007}) 10. d5 Bf5 11. e4 Bc8 12. f4 f6 13. c5 dxc5 14. O-O Ng6 15. f5 Nh8 $1 16. h4 Nf7 17. g4 Qe7 18. Ng3 Rd8 19. Rf3 c6 20. g5 cxd5 21. gxf6 (21. Qe2 $15) 21... Qxf6 $2 (21... gxf6 $17 22. exd5 Nd6) 22. exd5 $11 Qxh4 23. Ne4 $1 c4 (23... Nd6 $11 24. Bg5 {[%mdl 64] Double Attack} Qxe4 25. Qxe4 Nxe4 26. Bxd8 Nc4) 24. Qe2 $16 Rxd5 $2 {[%mdl 8192]} (24... h5 $16) 25. Bd2 $2 {[#]} (25. Rh3 $18 Qd8 26. Qh5) 25... Rd3 $1 $17 26. Raf1 (26. Rxd3 cxd3) 26... Qd8 $2 (26... Bd7 $1 $17 {keeps the pressure on. Hoping for ...Rd8.} 27. Rxd3 cxd3 28. Qxd3 Bc6) 27. Be3 $1 $16 Nc6 $2 (27... Bd7 $16) 28. Rg3 $18 Rxe3 29. Rxe3 $2 ({White has to play} 29. Qxe3 $18 {aiming for Qf3.} Kh8 30. f6) 29... Ne7 $11 30. f6 Nf5 {...Qb6 is the strong threat.} 31. Ref3 {Black must now prevent fxg7.} (31. Rh3 $5 {[%cal Rf6g7]} Qb6+ 32. Rf2 $11) 31... g6 32. Qxc4 Qb6+ 33. Kh2 Be6 34. Qe2 Rc8 35. Rg1 (35. Bh3 $11 Bc4 36. Qe1) 35... Rc4 $2 {[%mdl 8192] [#]} (35... Nh4 $17 {stays on course.} 36. Rf2 Nxg2 37. Rfxg2 Bd5) 36. Rxf5 $1 $18 {[%mdl 576] Clearance} gxf5 $2 (36... Ra4) (36... Bxf5 37. Qxc4) 37. Bh3+ Kf8 {[#]} 38. Qg2 $1 {[%csl Gg1][%cal Rg2g8]} ({Weaker is} 38. Bxf5 Bxf5 39. Qxc4 Bxe4 $14) 38... Ke8 39. Qg8+ Kd7 {[#]} 40. Bxf5 $1 {[%mdl 512] Intending Qxf7+ and mate.} Kc7 (40... Bxf5 41. Qxf7+) 41. Qe8 Nd8 42. Rd1 Rd4 43. cxd4 Bxf5 44. Qxe5+ {[%mdl 64] Double Attack. Accuracy: White = 65%, Black = 43%.} 1-0

[Event "AZE-ch Women 2020"]
[Site "Baku"]
[Date "2020.03.13"]
[Round "9.4"]
[White "Mamedjarova, Zeinab"]
[Black "Allahverdiyeva, Ayan"]
[Result "1-0"]
[WhiteElo "2278"]
[BlackElo "2053"]
[Annotator "TA"]
[PlyCount "141"]
[EventDate "2020.03.04"]
[EventType "tourn"]
[EventCountry "AZE"]
[SourceTitle "playchess.com"]
[Source "ChessBase"]
[SourceQuality "1"]

{[%evp 18,141,22,0,-16,0,39,41,55,38,35,30,38,22,57,51,73,45,70,-23,82,77,95,95,94,95,93,100,96,96,98,97,97,97,109,104,188,164,205,204,209,208,204,200,231,228,286,287,338,329,376,396,378,385,374,291,283,291,441,413,509,452,564,545,502,518,507,505,442,442,442,442,403,222,190,207,420,391,286,286,530,493,646,631,733,704,733,733,721,710,685,685,631,631,7169,7068,6605,6331,4512,3540,5089,2701,5675,5426,4781,2122,29958,29963,29965,29965,29961,29956,29970,29971,29977,29978,29978,29979,29979,29980,29980,29981,29981,29982,29983,29984]} 1. c4 Nf6 2. Nf3 g6 3. b3 Bg7 4. Bb2 c5 5. g3 b6 6. Bg2 Bb7 7. O-O O-O 8. d4 cxd4 9. Qxd4 Nc6 10. Qd2 d5 {A30: Symmetrical English: Double Fianchetto and Hedgehog.} 11. Rd1 {[%cal Rc4d5] [#]} Ne4 $146 (11... dxc4 $5 {[%cal Rf6e4]} 12. Qc1 Qc8 $11) ({Predecessor:} 11... dxc4 12. Qc1 Qc8 13. Qxc4 Na5 14. Qh4 Qc2 15. Rd2 Qe4 16. Nc3 Qxh4 17. Nxh4 Bxg2 18. Kxg2 {½-½ (26) Boudy Bueno,J-Diaz Diaz,J Camaguey 1974}) 12. Qc2 {aiming for Bxg7.} Nb4 {White is slightly better.} 13. Qc1 Bxb2 14. Qxb2 e6 15. a3 Na6 16. cxd5 Bxd5 17. b4 Rc8 18. Qd4 ({White should play} 18. Nd4 $14) 18... Rc4 (18... Ba8 $11 {keeps the balance.}) 19. Qd3 $1 $16 {Black must now prevent Nbd2. White leaves nothing to chance now.} Qc8 20. Nfd2 Nxd2 21. Bxd5 Rc1 22. Nxd2 Rxa1 23. Rxa1 {Hoping for Bb3.} exd5 24. Qxd5 Rd8 25. Qc4 Qxc4 26. Nxc4 {[%mdl 4096] Endgame KRN-KRN} b5 (26... Nc7 $16) 27. Ne5 $18 Rd2 28. e3 Nc7 29. Rc1 Ne6 30. Rc8+ Kg7 31. Ra8 Ng5 {intending ...Nh3+.} 32. Rxa7 Kf6 33. f4 $1 Nh3+ 34. Kf1 Kf5 35. Rxf7+ Ke4 36. Ke1 Ra2 37. Rxh7 Ng1 (37... Kxe3 $142 38. Kd1 Nf2+ 39. Kc1 Nd3+ 40. Nxd3 Kxd3) 38. Re7 Kxe3 {[%cal Ra2a1]} 39. Kf1 Nh3 40. Nxg6+ Kd3 41. f5 Rf2+ 42. Ke1 Rxf5 43. Nf4+ Nxf4 44. gxf4 Rxf4 {KR-KR} 45. Rg7 (45. Re5 $142) 45... Rh4 {[#]} 46. Rg3+ $1 Ke4 $2 {[#]} (46... Kc2 47. h3 Rf4) 47. h3 $1 {And now Rg4+ would win.} Rh8 48. Kf2 Ra8 $2 (48... Kf5 49. Kg2 Rh7) 49. Kg2 Rh8 50. Rg5 Ra8 51. Rxb5 Rxa3 52. Rg5 Rb3 53. Rg4+ Kf5 54. Rc4 Kg5 55. h4+ Kh5 56. Kf2 Rh3 57. Ke2 Kg6 58. Kd2 Kf5 59. Kc2 Ke6 60. Rd4 Ke5 61. Rd3 (61. Rd1 $142 Rxh4 62. Kb3) 61... Rxh4 62. Kb3 {White mates.} Rh8 63. b5 {[%cal Bb4b5,Bb5b6,Bb6b7][%mdl 32]} Rh4 64. Ka3 Ke6 65. b6 Ke7 66. b7 Rh8 67. Ka4 Rb8 68. Rb3 Kd7 69. Ka5 Kc7 70. Ka6 Rh8 71. Ka7 {Accuracy: White = 83%, Black = 49%.} 1-0

[Event "AZE-ch Women 2020"]
[Site "Baku"]
[Date "2020.03.13"]
[Round "9.5"]
[White "Rzali, Sabina"]
[Black "Abdulla, Khayala"]
[Result "0-1"]
[WhiteElo "1921"]
[BlackElo "2276"]
[Annotator "TA"]
[PlyCount "80"]
[EventDate "2020.03.04"]
[EventType "tourn"]
[EventCountry "AZE"]
[SourceTitle "playchess.com"]
[Source "ChessBase"]
[SourceQuality "1"]

{[%evp 14,80,10,-7,-9,-20,-10,-48,0,0,0,-92,-75,-95,-67,-93,-97,-97,-83,-94,0,0,3,11,18,0,0,-18,0,0,0,-42,-72,-46,-45,-41,-48,-95,-100,-127,-128,-122,-69,-188,-182,-221,-217,-291,-234,-292,-261,-368,-350,-834,-810,-1681,-1679,-29982,-29983,-29991,-29990,-29992,-29992,-29994,-29995,-29996,-29997,-29997,-29998]} 1. e4 c5 2. Nf3 e6 3. d4 d5 4. dxc5 Bxc5 5. exd5 exd5 6. Bd3 Nf6 7. O-O O-O 8. Nbd2 Nc6 {C01: French: Exchange Variation.} 9. Nb3 Bb6 10. h3 {is the legacy move (10.Bg5).} Ne4 {Black is slightly better.} 11. c3 Qf6 {[#]} 12. Bxe4 $146 (12. Nbd4 $11 {remains equal.}) ({Predecessor:} 12. Bc2 Rd8 13. Nbd4 h6 14. Be3 Bd7 15. Re1 Qg6 16. Nh4 Qf6 17. Nhf3 Qg6 18. Kh1 {½-½ (38) Guseinov,G (2631)-Zvjaginsev,V (2659) Khanty-Mansiysk 2013}) 12... dxe4 $17 13. Nfd4 Bc7 14. Nxc6 bxc6 15. Qh5 Re8 16. Rd1 Bf5 ({Black should try} 16... Re5 $17 17. Qe2 Qg6) 17. Be3 $11 Bg6 18. Qg5 Qe6 19. Bf4 Bb6 20. Rd2 f6 21. Qg3 Rad8 22. Rad1 Rd3 $36 {[%mdl 2048] Keeping White busy.} 23. Be3 Bxe3 24. fxe3 Qd5 25. Rxd3 exd3 26. Qf4 Be4 27. Rd2 Re5 ({Black should play} 27... h5 $17 28. Rf2 Kh7) 28. Qf1 (28. Rf2 $15) 28... Rg5 29. Kh2 c5 {[#] aiming for ...c4.} 30. g3 Re5 31. Rf2 Bg6 32. Qe1 (32. Qg2 {is a better defense.}) 32... Qe6 $19 33. Rf3 $2 (33. Qd1) 33... Be4 34. Rf2 Bc6 35. Qd2 Rxe3 {Black mates.} 36. Nc1 Re1 {[%csl Gc6][%cal Re1h1]} 37. g4 Qe5+ 38. Rf4 {[#]} Rxc1 $1 {[%mdl 576] Remove Defender, Deflection} 39. Qxc1 Qe2+ 40. Kg3 Qg2+ {Accuracy: White = 43%, Black = 83%.} 0-1